LEADER 00999nam0 2200277 450 001 000004491 005 20081029125933.0 100 $a20030123d1997----km-y0itay50------ba 101 0 $aita 102 $aIT 105 $aa-------001yy 200 1 $aAspetti e problemi di economia internazionale monetaria$fFrancesca Falcone$gcon la collaborazione di Pina Ferlito, Cristina Gemmellaro ... [et al.] 210 $aPadova$cCedam$d1997 215 $a433 p.$cgraf.$d24 cm 500 10$aAspetti e problemi di economia internazionale monetaria$938451 610 1 $aEconomia monetaria internazionale 610 1 $aBilancia dei pagamenti$aCambio 610 1 $aMoneta$aMercato 676 $a332.45$v20$9Moneta. Cambio estero 700 1$aFalcone,$bFrancesca$0460390 702 1$aFerlito,$bPina 801 0$aIT$bUNIPARTHENOPE$gRICA$2UNIMARC 912 $a000004491 951 $a431/51$b8345$cNAVA2$d20030123 996 $aAspetti e problemi di economia internazionale monetaria$938451 997 $aUNIPARTHENOPE LEADER 03937nam 2200589 450 001 996465306503316 005 20220817152938.0 010 $a3-540-74788-5 024 7 $a10.1007/978-3-540-74788-8 035 $a(CKB)1000000000490996 035 $a(SSID)ssj0000320152 035 $a(PQKBManifestationID)11242674 035 $a(PQKBTitleCode)TC0000320152 035 $a(PQKBWorkID)10348248 035 $a(PQKB)11224188 035 $a(DE-He213)978-3-540-74788-8 035 $a(MiAaPQ)EBC3061785 035 $a(MiAaPQ)EBC6806147 035 $a(Au-PeEL)EBL6806147 035 $a(OCoLC)167471619 035 $a(PPN)123164893 035 $a(EXLCZ)991000000000490996 100 $a20220817d2007 uy 0 101 0 $aeng 135 $aurnn|008mamaa 181 $ctxt 182 $cc 183 $acr 200 00$aSpatial information theory $e8th international conference, COSIT 2007, Melbourne, Australia, September 19-23, 2007 ; proceedings /$fStephan Winter [and three others] (editors) 205 $a1st ed. 2007. 210 1$aBerlin, Heidelberg :$cSpringer-Verlag,$d[2007] 210 4$d©2007 215 $a1 online resource (XV, 455 p.) 225 1 $aLecture Notes in Computer Science ;$v4736 300 $aBibliographic Level Mode of Issuance: Monograph 311 $a3-540-74786-9 320 $aIncludes bibliographical references and index. 327 $aCultural Studies -- Progress on Yindjibarndi Ethnophysiography -- Study of Cultural Impacts on Location Judgments in Eastern China -- Cross-Cultural Similarities in Topological Reasoning -- Thalassographeïn: Representing Maritime Spaces in Ancient Greece -- Semantics -- From Top-Level to Domain Ontologies: Ecosystem Classifications as a Case Study -- Semantic Categories Underlying the Meaning of ?Place? -- Spatial Semantics in Difference Spaces -- Similarity -- Evaluation of a Semantic Similarity Measure for Natural Language Spatial Relations -- Affordance-Based Similarity Measurement for Entity Types -- An Image-Schematic Account of Spatial Categories -- Mapping and Representation -- Specifying Essential Features of Street Networks -- Spatial Information Extraction for Cognitive Mapping with a Mobile Robot -- Spatial Mapping and Map Exploitation: A Bio-inspired Engineering Perspective -- Scale-Dependent Simplification of 3D Building Models Based on Cell Decomposition and Primitive Instancing -- Perception and Cognition -- Degradation in Spatial Knowledge Acquisition When Using Automatic Navigation Systems -- Stories as Route Descriptions -- Three Sampling Methods for Visibility Measures of Landscape Perception -- Reasoning and Algorithms -- Reasoning on Spatial Semantic Integrity Constraints -- Spatial Reasoning with a Hole -- Geospatial Cluster Tessellation Through the Complete Order-k Voronoi Diagrams -- Drawing a Figure in a Two-Dimensional Plane for a Qualitative Representation -- Navigation and Landmarks -- Linguistic and Nonlinguistic Turn Direction Concepts -- A Uniform Handling of Different Landmark Types in Route Directions -- Effects of Geometry, Landmarks and Orientation Strategies in the ?Drop-Off? Orientation Task -- Uncertainty and Imperfection -- Data Quality Ontology: An Ontology for Imperfect Knowledge -- Triangulation of Gradient Polygons: A Spatial Data Model for Categorical Fields -- Relations in Mathematical Morphology with Applications to Graphs and Rough Sets. 410 0$aLecture notes in computer science ;$v4736. 606 $aGeographic information systems$vCongresses 606 $aGeographic information systems 615 0$aGeographic information systems 615 0$aGeographic information systems. 676 $a910.285 702 $aWinter$b Stephan$f1963- 801 0$bMiAaPQ 801 1$bMiAaPQ 801 2$bMiAaPQ 906 $aBOOK 912 $a996465306503316 996 $aSpatial Information Theory$9772471 997 $aUNISA